Allies of Russia - Statistics

General Stats
  • This quiz has been taken 114 times
  • The average score is 21 of 30
Answer Stats
Hint Answer % Correct
Asia China
95%
Asia North Korea
93%
Europe Belarus
92%
Asia Iran
84%
North America Cuba
81%
South America Venezuela
77%
Asia Kazakhstan
76%
Asia (Unrecognized) Abkhazia
73%
Asia Armenia
72%
Asia (Unrecognized) Artsakh
72%
Asia Syria
72%
Asia Uzbekistan
72%
Asia (Unrecognized) South Ossetia
71%
Africa Niger
69%
Europe Serbia
69%
Asia Afghanistan
68%
Asia India
68%
Asia Tajikistan
68%
Europe (Unrecognized) Transnistria
68%
Asia Kyrgyzstan
67%
Africa (Tobruk) Libya
67%
North America Nicaragua
61%
Africa Mali
60%
Africa (RSF) Sudan
60%
Africa Central African Republic
59%
Africa Zimbabwe
56%
Asia Myanmar
48%
Africa Eritrea
47%
Africa Burkina Faso
45%
Europe Hungary
44%
No matching quizzes found
Score Distribution
Percent of People with Each Score
Percentile by Number Answered
Your Score History
You have not taken this quiz